Futures for physical distribution in the food industry / (Record no. 26587)
[ view plain ]
| 000 -LEADER | |
|---|---|
| fixed length control field | 01314cam a22002655a 4500 |
| 001 - CONTROL NUMBER | |
| control field | ocm10395681 |
| 003 - CONTROL NUMBER IDENTIFIER | |
| control field | OSt |
| 005 - DATE AND TIME OF LATEST TRANSACTION | |
| control field | 20180424134915.0 |
| 008 - FIXED-LENGTH DATA ELEMENTS--GENERAL INFORMATION | |
| fixed length control field | 821013t1976 xnaa frb 001 0 eng d |
| 020 ## - INTERNATIONAL STANDARD BOOK NUMBER | |
| International Standard Book Number | 0347011160 |
| 040 ## - CATALOGING SOURCE | |
| Original cataloging agency | MNU |
| Language of cataloging | eng |
| Transcribing agency | MNU |
| Modifying agency | CLU |
| -- | UZ0 |
| -- | OCLCG |
| -- | UKM |
| -- | NLGGC |
| -- | GTA |
| -- | BDX |
| -- | OCLCQ |
| -- | OCLCF |
| -- | OCLCQ |
| -- | OCLCO |
| -- | EG-ScBUE |
| 043 ## - GEOGRAPHIC AREA CODE | |
| Geographic area code | e-uk--- |
| 082 04 - DEWEY DECIMAL CLASSIFICATION NUMBER | |
| Classification number | 658.78 |
| Edition number | 22 |
| Item number | WAL |
| 100 1# - MAIN ENTRY--PERSONAL NAME | |
| Personal name | Walters, David, |
| Dates associated with a name | 1936- |
| 9 (RLIN) | 35053 |
| 245 10 - TITLE STATEMENT | |
| Title | Futures for physical distribution in the food industry / |
| Statement of responsibility, etc | David Walters. |
| 260 ## - PUBLICATION, DISTRIBUTION, ETC. (IMPRINT) | |
| Place of publication, distribution, etc | Westmead : |
| Name of publisher, distributor, etc | Saxon House ; |
| Place of publication, distribution, etc | Lexington : |
| Name of publisher, distributor, etc | Lexington Books, |
| Date of publication, distribution, etc | c.1976. |
| 300 ## - PHYSICAL DESCRIPTION | |
| Extent | viii, 156 p. : |
| Other physical details | ill. ; |
| Dimensions | 24 cm. |
| 490 0# - Series Statement | |
| Series statement | Saxon House studies. |
| 504 ## - BIBLIOGRAPHY, ETC. NOTE | |
| Bibliography, etc | Includes bibliographical references and index. |
| 505 0# - FORMATTED CONTENTS NOTE | |
| Formatted contents note | The development of physical distribution management -- Physical distribution management in grocery product manufacturing and retailing: the state of the art in 1972 -- Changes in the retailing environment and their logistics implications 1960-1970 -- Forecasting logistics and retailing changes -- The logistics implications of future changes in grocery retailing -- Recent problems: 1973-75. |
| 650 #7 - SUBJECT ADDED ENTRY--TOPICAL TERM | |
| Topical term or geographic name as entry element | Food industry and trade. |
| Source of heading or term | BUEsh |
| 650 #7 - SUBJECT ADDED ENTRY--TOPICAL TERM | |
| Topical term or geographic name as entry element | Physical distribution of goods |
| General subdivision | Management. |
| Source of heading or term | BUEsh |
| 9 (RLIN) | 31013 |
| 653 ## - INDEX TERM--UNCONTROLLED | |
| Resource For college | Generalities |
| Arrived date list | April2018 |
| 942 ## - ADDED ENTRY ELEMENTS (KOHA) | |
| Source of classification or shelving scheme | Dewey Decimal Classification |
| Withdrawn status | Item status | Source of classification or shelving scheme | Damaged status | Not for loan | Home library | Current library | Shelving location | Date acquired | Total Checkouts | Full call number | Barcode | Date last seen | Koha item type |
|---|---|---|---|---|---|---|---|---|---|---|---|---|---|
| Dewey Decimal Classification | Central Library | Central Library | First floor | 24/04/2018 | 658.78 WAL | 000047664 | 15/07/2025 | Book - Borrowing |